000
00317nam a2200133Ia 4500
008
221030s9999 xx 000 0 und d
100
_a
R. P. Jain
245
0
_a
Modern Digital Electronics
_c
by R. P. Jain
250
_a
2nd
260
_b
TMT
_a
New Delhi
_c
1998
300
_a
500
650
_a
BB CSE
942
_c
BK
_2
ddc
999
_c
18333
_d
18333